000 00427nam a2200133Ia 4500
008 171212s9999 xx 000 0 und d
020 _a9780833039262
100 _aLong, Austin
245 _cLong, Austin
_aOn "Other War": Lessons from Five Decades of RAND Counterinsurgency Research
260 _bRAND Corporation
_c2006
650 _aCounterinsurgency
650 _aHistory
856 _uwww.jstor.org/stable/10.7249/mg482osd
999 _c352379
_d352379